| 000 | 00734cam a2200217 a 4500 | ||
|---|---|---|---|
| 999 |
_c7225 _d7225 |
||
| 001 | 4302 | ||
| 003 | BD-DhUAP | ||
| 005 | 20210117161309.0 | ||
| 008 | 200301s1989 ii abf b f000 0 eng | ||
| 020 | _a9843100832 | ||
| 040 |
_aBD-DhUAP _cBD-DhUAP _dBD-DhUAP _bEng |
||
| 082 |
_a004.06 PRO _223 |
||
| 245 |
_aProceedings : _bNational conference on computer and information system, 1997. |
||
| 260 |
_aDhaka, Bangladesh : _bNCCIS, _c©1997. |
||
| 300 |
_a364 pages : _billustrations ; _c27 cm. |
||
| 650 | _aSystem analysis. | ||
| 650 | _aElectronic data processing--Structured techniques. | ||
| 710 | _aNational conference on computer and information system. | ||
| 942 |
_2ddc _cBK |
||